Normal view MARC view

Entry Personal Name

Number of records used in: 24

001 - CONTROL NUMBER

  • control field: 19512

003 - CONTROL NUMBER IDENTIFIER

  • control field: dpl

005 - DATE AND TIME OF LATEST TRANSACTION

  • control field: 20100910143959.0

008 - FIXED-LENGTH DATA ELEMENTS

  • fixed length control field: 100910|||a|||||| | ||| d

040 ## - CATALOGING SOURCE

  • Original cataloging agency: dpl
  • Transcribing agency: dpl

100 ## - HEADING--PERSONAL NAME

  • Personal name: Anandji

670 ## - SOURCE DATA FOUND

  • Source citation: Work cat.: (dpl): 17455 Bhosle, Asha, Teen bahu raaniya /

670 ## - SOURCE DATA FOUND

  • Source citation: Work cat.: (dpl): 17455 Bhosle, Asha, Teen bahu raaniya /

© Delhi Public Library
Hit Counter
free hit counter